Responses for Show #2390 - Friday, January 13, 1995

Jim Morgan game 1.

Contestants

[<< previous game]

Phyllis Betz, a college professor from Philadelphia, Pennsylvania

Jim Morgan, a personnel manager from New Brunswick, New Jersey

Adam Goldberg, an attorney from Brooklyn, New York (whose 1-day cash winnings total $3,200)

[next game >>]

Jeopardy! Round responses

REVOLUTIONARY WAR FIGURES
FILMS OF THE '90s
TRANSPORTATION
ANIMALS
FRENCH CUISINE
HODGEPODGE
    $100 25
the Marquis de Lafayette

Phyllis
    $100 2
Jurassic Park

Adam
    $100 1
a chariot

Jim
    $100 9
zebras

Adam
    $100 11
coconuts

Phyllis
    $100 20
under the tongue

Phyllis
    $200 26
the Declaration of Independence

Jim
    $200 5
Robin Williams

Jim
    $200 3
Berlin

Jim
    $200 10
a canary

Jim
    $200 12
anchovies

Adam
    $200 21
hazards

Adam
    $300 27
(James Fenimore) Cooper

Jim
    $300 6
Ben Stiller

Jim
    $300 4
a viaduct

Phyllis
    $500 13
(Alex: Adam?)
(Adam: What is a stinkrat?)

a muskrat

Adam
    $300 17
horseradish

Jim
    $300 22
(Phyllis: What is your hair color?)
(Adam: What is your photo?)

your address or your next of kin (to be notified in case of a problem)

AdamPhyllis
Triple Stumper
    $400 28
Tom Paine

Phyllis
    $400 7
Shirley MacLaine

Phyllis
    $400 16
travois

Triple Stumper
    $400 14
(Adam: What is a mink?)

a sable

AdamJim
    $400 18
apples

Jim
    $400 23
libra

Jim
    $500 29
(Henry) Lee

Adam
    $500 8
Luke Perry

Phyllis
    $500 30
Japan

Adam
    $500 15
(Adam: What are crustaceans?)
(Jim: What are, uh, invertebrates?)

mollusks

AdamJim
Triple Stumper
    $500 19
a chartreuse

Triple Stumper
    $500 24
Oxford

Jim

Scores at the first commercial break (after clue 15):

Adam Jim Phyllis
-$1,000 $900 $1,300

Scores at the end of the Jeopardy! Round:

Adam Jim Phyllis
-$100 $3,000 $1,600

Double Jeopardy! Round responses

WORLD HISTORY
NEWSPAPERS & MAGAZINES
WOMEN ARTISTS
BIOLOGY
BIBLICAL GEOGRAPHY
THEATRE
    $200 1
Iraq

Adam
    $200 17
(Edgar Allan) Poe

Jim
    $200 8
Virginia Woolf

Phyllis
    $200 24
(Adam: What is the bone?)
(Jim: What is a vertebrae?)
(Phyllis: Uh, what is a tailbone? [*]?)

tail

AdamJimPhyllis
    $200 16
(Phyllis: What is Paradise? Or [*]?)

(the Garden of) Eden

Phyllis
    $200 3
Earth

Phyllis
    $400 2
Constantinople

Jim
    $400 20
(Adam: What is the Chicago Tribune?)
(Jim: What is the Herald?)

the Chicago Sun-Times

AdamJim
Triple Stumper
    $400 9
Georgia O'Keeffe

Phyllis
    $400 18
Jerusalem

Jim
    $400 4
the Brooklyn Bridge

Phyllis
    $600 12
New Zealand & Australia

Phyllis
    $600 21
(Adam: What is Germany?)

the Netherlands

AdamJim
    $600 10
Diego Rivera

Phyllis
    $600 19
Cain

Adam
    $600 5
(1 of) Abigail Adams (or Martha Jefferson)

Phyllis
    $1,600 14
(Phyllis: Uh, what is El Salvador?)

Nicaragua

Phyllis
    $800 22
(Alex: Less than a minute to go, Jim.)

Esquire magazine

Triple Stumper
    $800 11
the Uffizi

Jim
    $1,000 25
Nazareth

Phyllis
    $800 6
Anne of the Thousand Days

Phyllis
    $1000 15
(Phyllis: What's Tonkin?)

Inchon

JimPhyllis
    $1000 23
the New York Post

Adam
    $1000 13
Diaghilev

Phyllis
    $1000 26
[The end-of-round signal sounds.]

the Dead Sea

Jim
    $1000 7
(Alex: Nicely done in that category, THEATRE, whoa, well done, indeed.)
[Applause]

Carmen Jones

Phyllis

Scores at the end of the Double Jeopardy! Round:

Adam Jim Phyllis
$500 $6,800 $6,200

[wagering suggestions for these scores]

Final Jeopardy! Round responses

ARCHITECTURE
AdamWhat is a coliseum
$400
PhyllisWhat is a beam sprint
$6,000
JimWhat is a Cemetery?
$5,601
a stadium

Final scores:

Adam Jim Phyllis
$100 $1,199 $200
3rd place: Daniel Mink Bolero watch + Jeopardy Sports Edition for home computer or SNES New champion: $1,199 2nd place: trip on TWA to Stanfordville, New York & stay at the Roseland Ranch + Jeopardy Sports Edition for home computer or SNES

Game dynamics:

Coryat scores:

Adam Jim Phyllis
$1,000 $6,800 $7,600
9 R,
7 W
(including 1 DD)
19 R,
3 W
20 R
(including 1 DD),
3 W
(including 1 DD)

Combined Coryat: $15,400

[game clues] [game scores] [suggest correction]

Game tape date: 1994-10-25
The J! Archive is created by fans, for fans. Scraping, republication, monetization, and malicious use prohibited; this site may use cookies and collect identifying information. See terms. The Jeopardy! game show and all elements thereof, including but not limited to copyright and trademark thereto, are the property of Jeopardy Productions, Inc. and are protected under law. This website is not affiliated with, sponsored by, or operated by Jeopardy Productions, Inc. Join the discussion at JBoard.tv.